000 01852cam a22003615i 4500
001 18795341
003 DLC-MRC
005 20200320195202.0
008 150925s2016 nyua b 001 0 eng
010 _a 2015458333
020 _a9781482430264 (library binding) :
_c19.95
020 _a1482430266 (library binding)
040 _aDLC
_beng
_cDLC
_dTnJaDT
_erda
042 _apcc
082 4 _a567.9
_223
100 1 _aMiles, Liz.
_95864994
245 1 0 _aDinosaur defenders /
_cLiz Miles.
264 1 _aNew York, NY :
_bGareth Stevens Publishing,
_c[2016]
300 _a32 pages :
_bcolor illustrations ;
_c29 cm.
336 _atext
337 _aunmediated
338 _avolume
490 1 _aDanger! dinosaurs
504 _aIncludes bibliographical references (page 31) and index.
520 _aWith vicious and violent beasts such as Tyrannosaurus rex on the loose, the odds of a peaceful herbivore surviving an encounter with a carnivorous dinosaur seem long. However, plant-eating dinosaurs had plenty of defenses to help them battle such brutes. Pachycephalosaurids had especially thick bones to head-butt their enemies. Stegosauruses had plates and spikes to deter carnivores. Other dinosaurs, such as Ankylosaurs, had tough, plated bodies, like tanks! This dinosaur-packed volume showcases remarkable details about these creatures as well as touches upon important science topics, such as adaptations and the predator/prey relationship.
650 0 _aDinosaurs.
_95908346
650 0 _aDinosaurs
_vJuvenile literature.
_95673950
830 0 _aDanger! dinosaurs.
_95908347
942 _cBOOK
_015
948 _a03/25/2016
_zSirsi
949 _d567.9 Mil
_p19.95
996 _a129721
_b34301001469917
_cJNF
_dbk
_ewcl
_fi
_g15
_h19.95
_ldavidson
_m567.9 Mil
_p04/15/2016
_q12/17/2019
_r11/27/2019
999 _c289233
_d289233